000 00678nam a2200229Ia 4500
008 191130s2009##################000#0#eng##
020 _a9781412924993
022 _a2008020269
040 _aACL
_cACL
082 _a302.35 TOS
100 _aTosi, Henry L
245 _aTheories of organization
_c[compiled by] Henry L. Tosi
260 _aThousand Oaks, CA
_bSAGE
_cc2009
300 _a329 p. : ill. ; 25 cm
500 _aIncludes bibliographical references (p. 283-304) and index
650 _aIndustrial organization
650 _aIndustrial sociology
650 _aOrganization
990 _abdff1c3cac10000c662610975dc2c0e5
991 _a230237
999 _c77222
_d77222